| 000 | 00682nac a22001931u 4500 | ||
|---|---|---|---|
| 008 | 100831t xxu||||| |||| 00| 0 eng d | ||
| 010 | _a2002029026 | ||
| 020 | _a0139011587 | ||
| 020 | _a8120322398 | ||
| 082 | 0 | 0 |
_a004.35 _bJOR _222 |
| 100 |
_aJordan, Harry F. _917735 |
||
| 245 | 1 | 0 |
_aFundamentals of parallel processing / _cHarry Jordan, Gita Alaghband. |
| 260 |
_aNew Delhi : _bPrentice Hall of India, _cc2003. |
||
| 300 |
_axviii, 536 p. : _bill. ; _c25 cm. |
||
| 504 | _aIncludes bibliographical references (p. 501-512) and index. | ||
| 650 | 0 |
_aParallel processing (Electronic computers) _917736 |
|
| 700 | 1 |
_aAlaghband, Gita. _917737 |
|
| 942 |
_cBB _k004.35 JOR _2ddc |
||
| 999 |
_c658 _d658 |
||